000 00469nam a2200193Ia 4500
008 240510s9999 xx 000 0 und d
020 _a9788177581218
041 _aEng
082 _a005.14
082 _bD27
100 _aDESIKAN, Srinivasan : RAMESH, Gopalaswamy
245 0 _aSoftware Testing :Principles and Practices
260 _bDelhi, Pearson
260 _c2006
300 _a486 p.
650 _aSoftware Testing
942 _2ddc
942 _cRBK
999 _c28492
_d28492
945 _a1
_bMadushi Gamage
_c1
_dMadushi Gamage